Polski rap - czyja to płyta? - Statystyki

Ogólne statystyki
  • Ten quiz został rozwiązany 292 razy
  • Średni wynik to 19 z 43
Statystyki odpowiedzi
Płyta Raper % Poprawnych
100 dni do matury Mata
97%
Atypowy Szpaku
91%
Opowieści z doliny smoków Bedoes
90%
Romantic Psycho Quebonafide
90%
H8M4 Białas
84%
PLEŚŃ Guzior
84%
Złota Owca Paluch
78%
Jeszcze 5 minut Kizo
76%
DAMN Reto
76%
Zeus. Nie. Żyje. Zeus
76%
Umowa o dzieło Taco Hemingway
74%
Muzyka emocjonalna Pezet
60%
Spis Dzieł Sycylijskich Avi
59%
Uśmiech Jan-rapowanie
56%
Mutylator Słoń
54%
Archiwum Kinematografii Paktofonika
53%
Styl życia G'N.O.J.A. Peja
46%
Mołotow Borixon
44%
Pierwszy dzień po końcu świata Sarius
44%
Piacevole Tymek
44%
Poradnik Sukcesu Bober
41%
Życie po śmierci OSTR
40%
2011 Otsochodzi
40%
Keptn' Tede
39%
Resoraki Zetha
38%
Dziadzior Donguralesko
35%
Black Magiic Kartky
31%
Następny do piekła Filipek
28%
Myślisz jeszcze? Kuban
24%
Kilka numerów o czymś Małpa
24%
Poyeb Opał
23%
W 63 minuty dookoła świata Kaliber 44
21%
Wilk chodnikowy Bisz
16%
Czarny Swing Miły ATZ
14%
Red Pill Kacper HTA
11%
Cztery i pół Łona
11%
Wielkie Sny Sitek
9%
Lunapark VBS
9%
Zapiski z 1001 Nocy Eldo
8%
Nigdy nie mów nigdy Molesta
8%
REset Pokahontaz
6%
Cherubin Ten Preston
5%
ANATOMIA K2
4%
Nie znaleziono quizów pasujących do podanych kryteriów
Rozkład punktacji
Procent ludzi z każdym wynikiem
Percentyl według liczby udzielonych odpowiedzi
Twoja historia wyników
Nie rozwiązałeś tego quizu